01001nam a2200241 a 450000100100000000500170001000800410002702000150006804000250008308200150010824501080012326000400023130000280027150400280029950000620032770000320038970000430042170000340046470000350049870000370053395201720057099900170074200004559020201002052331.0150416s2002 dr ac 000 0 spa d a0965010600 aDO-SdBNPbspacBNPHU axxxxbxxxx00aAl son de los tiempos :bprocesos y prácticas de la lectoescritura /cRuth J Sáez Vega... [et al.]. aSanto Domingo :bCentenario,c2002. a217 p. :bil. ;c23 cm. aBibliografía : p. 210 aPerteneció a la biblioteca personal de Erick Landestoy.12aSáez Vega, Ruth J.97365712aCintrón de Esteves, Carmen M.97365812aRivera Viera, Diana T.97365912aGuerra Lozana, Cristina97366012aOjeda O'Neill, María I.973661 0010718PDaPDbPDcCTd2015-04-16iLF1l0oxxxx xxxxp45590-10r2020-06-25w2020-06-25yLFPDzPerteneció a la biblioteca personal de Erick Landestoy.ZNo se presta c45079d45079